000 00622nam a2200181 4500
001 136826
003 ES-MaACL
005 20231230063001.0
007 t|
008 070214s1965 sp r ||||1| spa d
100 1 _aSainz de Robles, Federico Carlos,
_d1898-1982
_9101593
245 1 0 _aGrandes figuras de la humanidad /
_cpor Federico Carlos Sainz de Robles ; prólogo de Joaquín de Entrambasaguas.
260 _aBarcelona :
_bDanae,
_c1965.
300 _a560 p., 12 lám. col. ;
_c25 cm.
700 1 _aEntrambasaguas, Joaquín de,
_d1904-1995
_947309
852 _aES-MaACL
_jC-28977
_bR.58331
999 _c136826
_d136826